| 000 | 00830nam a2200265 i 4500 | ||
|---|---|---|---|
| 001 | 10189 | ||
| 003 | ES-MaACL | ||
| 005 | 20230906145833.0 | ||
| 007 | t| | ||
| 008 | 950315s1994 sp ||||1| spa d | ||
| 020 | _a84-7769-071-5 | ||
| 080 | _a8.09 | ||
| 100 | 1 |
_aBallart, Pere. _924982 |
|
| 245 | 1 | 0 |
_aEironeia _b: la figuración irónica en el discurso literario moderno / _cPere Ballart. |
| 250 | _a[1ª ed.]. | ||
| 260 |
_aBarcelona : _bQuaderns Crema : _b[Sirmio], _c1994. |
||
| 300 |
_a562 p. ; _c21 cm. |
||
| 490 | 1 |
_aBiblioteca general ; _v18 |
|
| 504 | _aBibliografía: p. 536-562. | ||
| 650 |
_aLiteratura- _xHistoria y crítica. _914489 |
||
| 650 | 1 | 4 |
_aIronía- _xEn la literatura. _9139260 |
| 830 | 0 |
_aBiblioteca general ; _v18 _9178820 |
|
| 852 |
_aES-MaACL _jL-17605 _bR.123290 |
||
| 999 |
_c10189 _d10189 |
||